Managerial economics foundations of business analysis and strategy

Saved in:
Bibliographic Details
Main Author: THOMAS, Christopher R
Format: Book
Language:English
Published: McGraw-Hill 2016
Tags: Add Tag
No Tags, Be the first to tag this record!

MARC

LEADER 00000nam a22000007a 4500
008 210419b ||||| |||| 00| 0 eng d
020 |a 978-1-259-25107-8 
100 |a THOMAS, Christopher R 
245 |a Managerial economics  |b foundations of business analysis and strategy  |c Christopher R. Thomas, S. Charles Maurice.  |g  xxii, 714p. 
250 |b 12th ed. 
260 |b  McGraw-Hill  |c  2016  |h  New York  |i 689693   |i 690934  |i 690933   |l HD30.22 .T36  |m Managerial economics 
942 |a lcc  |c BK  |e ADEKANYE, I. H.  |f 19/04/2021 
952 |0 0  |1 0  |2 lcc  |4 0  |6 HD003022 T36  |7 0  |9 2206  |a HOL  |b SSL  |c GJ  |d 2021-04-19  |l 0  |o HD30.22 .T36  |p 2021-6060  |r 2021-04-19 00:00:00  |w 2021-04-19  |y BK 
952 |0 0  |1 0  |2 lcc  |4 0  |6 HD003022 T36  |7 0  |9 2207  |a HOL  |b HOL  |c GJ  |d 2021-04-19  |l 0  |o HD30.22 .T36  |p 2021-6061  |r 2021-04-19 00:00:00  |w 2021-04-19  |y BK 
952 |0 0  |1 0  |2 lcc  |4 0  |6 HD003022 T36  |7 0  |9 2208  |a HOL  |b HOL  |c GJ  |d 2021-04-19  |l 0  |o HD30.22 .T36  |p 2021-6062  |r 2021-04-19 00:00:00  |w 2021-04-19  |y BK 
999 |c 1151  |d 1151